| 000 | 01453nam0a2200361 4500 | ||
|---|---|---|---|
| 001 | RU\NLR\bibl\281151 | ||
| 005 | 20260406030619.0 | ||
| 010 |
_a5-309-00180-8 _97000 |
||
| 021 |
_aRU _b2002-9756 _9484 |
||
| 035 | _a(NLR Aleph) 000276632 | ||
| 090 |
_a1618307 _c1618307 |
||
| 100 | _a20020618g2001 |||y0rusy50 ca | ||
| 101 | 1 |
_arus _ceng |
|
| 102 | _aRU | ||
| 105 | _aa ||||||||| | ||
| 200 | 1 |
_aОпасный поворот _eРоман, пьесы, эссе _fДжон Бойтон Пристли _g[Ил. П. Пинкисевича] |
|
| 210 |
_aМ. _cАрмада-пресс _d2001 |
||
| 215 |
_a568,[3] с. _cил. _d21 |
||
| 225 | 1 | _aИзбранное | |
| 327 | 1 | _aСодерж.: Трое в новых костюмах: Роман; Пьесы: Опасный поворот; Время и семья Конвей; Ракитовая аллея; Павильон масок; Эссе разных лет | |
| 610 | 0 | _aДраматические произведения (х. л.) | |
| 675 |
_a821.111-31/-32Пристли _v3 _zrus |
||
| 686 |
_a17.82 _2rugasnti |
||
| 686 |
_a84(4Вел)-44 _2rubbk |
||
| 686 | _aШ6(4Вл)67я44 | ||
| 700 | 1 |
_4070 _8rus _7ca _aПристли _bДж.Б. _f1894-1984 _gДжон Бойнтон _3RU\NLR\auth\77885 _9110922 |
|
| 801 | 0 |
_aRU _bRKP _c20020618 _gPSBO |
|
| 801 | 1 |
_aRU _bRKP _c20020618 |
|
| 801 | 2 |
_aRU _bNLR _c20020723 _grcr |
|
| 942 | _cBOOK | ||
| 980 | _aNB | ||